[Event "38th Eastman Open 2015"]
[Site "Ghent BEL"]
[Date "2015.07.19"]
[Round "4.9"]
[White "Sarrau, Jelle"]
[Black "Vandelacluze, Ian"]
[Result "1/2-1/2"]
[WhiteTitle "FM"]
[WhiteElo "2359"]
[BlackElo "2069"]
[WhiteFideId "207608"]
[BlackFideId "222755"]
[EventDate "2015.07.18"]

1. Nf3 d5 2. d4 Nf6 3. c4 c6 4. Nc3 dxc4 5. a4 Bf5 6. Ne5 Nbd7 7. Nxc4 Qc7 8. g3
e5 9. dxe5 Nxe5 10. Bf4 Nfd7 11. Bg2 f6 12. O-O Nc5 13. Ne3 Bg6 14. b4 Ne6 15.
b5 Rd8 16. Qb3 Nd4 17. Qb2 Bc5 18. Rfc1 Qe7 19. a5 O-O 20. a6 b6 21. bxc6 Ndxc6
22. Ncd5 Qf7 23. Rd1 Kh8 24. Rac1 Nb8 25. Qa2 Qe6 26. Nc4 Nxc4 27. Qxc4 Bf7 28.
e4 Qc8 29. Bf1 Nd7 30. Qc3 Rfe8 31. Bh3 Be6 32. Bxe6 Rxe6 33. Qf3 Rc6 34. Kg2
Re8 35. Qd3 Nb8 36. Bxb8 Qxb8 37. Qb5 Qc8 38. f3 Qe6 39. Rc2 Rcc8 40. Rcd2 Qc6
41. Qxc6 Rxc6 42. Nc3 h6 43. Rd8 Rxd8 44. Rxd8+ Kh7 45. Rd7 b5 46. Nxb5 Rxa6 47.
h4 Ra1 48. h5 a5 49. Nc7 Rg1+ 50. Kh2 a4 51. Ne6 Rc1 52. Nxc5 Rxc5 53. Ra7 Rc3
54. Kg2 a3 55. g4 Rc2+ 56. Kg3 a2 57. Kf4 Rb2 58. Kf5 Rb5+ 59. Kf4 Rb2 60. Kf5
Rb5+ 61. Kf4 Rb2 62. Kf5 1/2-1/2

[Event "38th Eastman Open 2015"]
[Site "Ghent BEL"]
[Date "2015.07.19"]
[Round "4.10"]
[White "Froeyman, Helmut"]
[Black "Vinke, Maarten"]
[Result "1-0"]
[WhiteTitle "FM"]
[WhiteElo "2278"]
[BlackElo "2104"]
[WhiteFideId "203602"]
[BlackFideId "1038648"]
[EventDate "2015.07.18"]

1. e4 e5 2. Nf3 Nc6 3. Bb5 a6 4. Ba4 Nf6 5. O-O Be7 6. Re1 b5 7. Bb3 O-O 8. a4
Bb7 9. d3 d6 10. Nbd2 h6 11. Nf1 Re8 12. Ng3 Bf8 13. c3 Qd7 14. h3 g6 15. Nh2
Bg7 16. Ng4 Nxg4 17. Qxg4 Qxg4 18. hxg4 b4 19. f3 a5 20. Kf2 Rab8 21. Bc4 bxc3
22. bxc3 Ne7 23. Bd2 Bc6 24. Reb1 d5 25. Bb5 dxe4 26. dxe4 Red8 27. Ke2 Bb7 28.
Be3 Bc8 29. Ba7 Rb7 30. Bc5 Bf8 31. Be3 Be6 32. Ba6 Rb3 33. Rxb3 Bxb3 34. Nf1
Nc8 35. Nd2 Be6 36. Nc4 Bxc4+ 37. Bxc4 Nd6 38. Ba2 Nb7 39. Rb1 Nc5 40. Bxc5 Bxc5
41. Rb5 Bb6 42. Rxe5 Kf8 43. Rb5 Rd6 44. Bd5 f5 45. c4 fxe4 46. fxe4 Bd4 47.
Rxa5 Rf6 48. e5 Bxe5 49. Bf3 Rb6 50. Rxe5 Rb4 51. Rc5 Rxa4 52. Rxc7 g5 53. Kd3
Ra1 54. Ke4 Ke8 55. Kf5 Kd8 56. Rc6 Rc1 57. Kg6 Rh1 58. Kg7 Kd7 59. Rxh6 Rc1 60.
Bd5 Re1 61. Kg6 Re5 62. Rh5 Re1 63. Kxg5 Kd6 64. Rh6+ Kc5 65. Re6 Rf1 66. Kg6
Rf4 67. g5 1-0

[Event "38th Eastman Open 2015"]
[Site "Ghent BEL"]
[Date "2015.07.19"]
[Round "4.11"]
[White "Verbaken, Onno"]
[Black "Verstraeten, Rein"]
[Result "0-1"]
[BlackTitle "FM"]
[WhiteElo "2082"]
[BlackElo "2312"]
[WhiteFideId "1026925"]
[BlackFideId "223654"]
[EventDate "2015.07.18"]

1. e4 c5 2. Nf3 d6 3. Bb5+ Nd7 4. O-O Nf6 5. Re1 a6 6. Bxd7+ Bxd7 7. e5 dxe5 8.
Nxe5 e6 9. d4 Bc8 10. dxc5 Qxd1 11. Rxd1 Bxc5 12. Nc3 O-O 13. Bg5 b5 14. Bxf6
gxf6 15. Nd7 Bxd7 16. Rxd7 f5 17. Rad1 Rfc8 18. Ne2 Bf8 19. c3 a5 20. h4 b4 21.
R1d3 Bg7 22. Rg3 bxc3 23. bxc3 Kf8 24. f4 Bf6 25. Nd4 Rd8 26. Rxd8+ Rxd8 27. Nb5
Rd2 28. a3 Rb2 29. c4 Rc2 30. Nd6 Bxh4 31. Rf3 Be7 32. Nb7 a4 33. Na5 Ra2 0-1

[Event "38th Eastman Open 2015"]
[Site "Ghent BEL"]
[Date "2015.07.19"]
[Round "4.12"]
[White "Lindam, Ingo"]
[Black "Rechner, Klaus"]
[Result "1/2-1/2"]
[WhiteElo "2053"]
[BlackElo "2255"]
[WhiteFideId "24699756"]
[BlackFideId "4615700"]
[EventDate "2015.07.18"]

1. d4 d5 2. Nf3 Nf6 3. c4 e6 4. g3 dxc4 5. Bg2 Bd7 6. Ne5 Bc6 7. Nxc6 Nxc6 8. e3
Qd7 9. O-O Rb8 10. Nc3 b5 11. Qf3 Nb4 1/2-1/2

[Event "38th Eastman Open 2015"]
[Site "Ghent BEL"]
[Date "2015.07.19"]
[Round "4.13"]
[White "Van Mechelen, Jan"]
[Black "Van Melkebeke, Willem"]
[Result "1/2-1/2"]
[WhiteTitle "FM"]
[WhiteElo "2243"]
[BlackElo "2088"]
[WhiteFideId "201863"]
[BlackFideId "210129"]
[EventDate "2015.07.18"]

1. Nf3 Nf6 2. c4 c6 3. Nc3 d5 4. e3 g6 5. d4 Bg7 6. Be2 O-O 7. O-O Nbd7 8. cxd5
cxd5 9. Qb3 e6 10. Bd2 Nb8 11. Ne5 Nfd7 12. f4 Nxe5 13. fxe5 Nc6 14. Rac1 Bd7
15. Na4 b6 16. Rf3 f6 17. exf6 Rxf6 18. Rxf6 1/2-1/2

[Event "38th Eastman Open 2015"]
[Site "Ghent BEL"]
[Date "2015.07.19"]
[Round "4.14"]
[White "Van Leerdam, Robin"]
[Black "McMichael, Richard J"]
[Result "0-1"]
[BlackTitle "CM"]
[WhiteElo "2061"]
[BlackElo "2207"]
[WhiteFideId "1026690"]
[BlackFideId "400963"]
[EventDate "2015.07.18"]

1. e4 e6 2. d4 d5 3. Nd2 Nc6 4. Ngf3 Nf6 5. e5 Nd7 6. Bb5 f6 7. exf6 Qxf6 8. Nb3
Bd6 9. O-O h6 10. Be3 O-O 11. c3 Kh8 12. Qd2 e5 13. dxe5 Ndxe5 14. Nxe5 Nxe5 15.
Be2 Nc4 16. Bxc4 dxc4 17. Nd4 Bd7 18. Rad1 Rad8 19. Ne2 Ba4 20. Bd4 Qg6 21. b3
cxb3 22. axb3 Bxb3 23. Rb1 Bc4 24. Rbd1 c5 25. Be3 Bxh2+ 26. Kxh2 Rxd2 27. Rxd2
Bxe2 0-1

[Event "38th Eastman Open 2015"]
[Site "Ghent BEL"]
[Date "2015.07.19"]
[Round "4.15"]
[White "Spruit, Paul"]
[Black "De Groote, Jesper"]
[Result "1/2-1/2"]
[WhiteElo "2055"]
[BlackElo "2168"]
[WhiteFideId "1029797"]
[BlackFideId "1019295"]
[EventDate "2015.07.18"]

1. c4 e5 2. g3 Nf6 3. Bg2 Nc6 4. Nc3 Bb4 5. Nd5 Bc5 6. e3 O-O 7. Ne2 a6 8. O-O
d6 9. d4 Ba7 10. Nxf6+ Qxf6 11. d5 Ne7 12. Nc3 Ng6 13. Qe2 Qe7 14. e4 Bd4 15.
Nd1 f5 16. exf5 Bxf5 17. Be3 Bxe3 18. Qxe3 Qd7 19. Nc3 Bh3 20. Ne4 Bxg2 21. Kxg2
Qg4 22. Nd2 Nh4+ 23. Kh1 Nf3 24. Kg2 Nxd2 25. Qxd2 Rf3 26. Rae1 Raf8 27. Qc2
R3f4 28. b3 R8f6 29. Qe2 Rf3 30. h3 Qh5 31. Qd1 Qf5 32. Qe2 h5 33. h4 Rf8 34.
Qd2 Kh8 35. Re3 e4 36. Rxf3 Qxf3+ 37. Kg1 e3 38. Qxe3 Qf6 39. Kg2 Kh7 40. Qe4+
g6 41. f3 Rf7 42. Re1 Qb2+ 43. Re2 Qc3 44. Re3 Qb2+ 45. Re2 Qc3 1/2-1/2

[Event "38th Eastman Open 2015"]
[Site "Ghent BEL"]
[Date "2015.07.20"]
[Round "5.1"]
[White "Feller, Sebastien"]
[Black "Docx, Stefan"]
[Result "0-1"]
[WhiteTitle "GM"]
[BlackTitle "IM"]
[WhiteElo "2622"]
[BlackElo "2417"]
[WhiteFideId "634654"]
[BlackFideId "200778"]
[EventDate "2015.07.18"]

1. Nf3 Nf6 2. c4 g6 3. Nc3 Bg7 4. e4 d6 5. d4 O-O 6. Be2 e5 7. Be3 exd4 8. Nxd4
Re8 9. f3 c6 10. Bf2 d5 11. exd5 cxd5 12. O-O Nc6 13. c5 Re5 14. Bb5 Bd7 15. Qa4
Rc8 16. Bxc6 bxc6 17. Qxa7 Nh5 18. g3 Ra8 19. Qb7 Qe8 20. Qb3 Re3 21. Qd1 Bh3
22. Qd2 Bh6 23. Rfe1 Rxe1+ 24. Qxe1 Qd7 25. Be3 Re8 26. Bxh6 Rxe1+ 27. Rxe1 Ng7
28. b4 Nf5 29. Be3 Nxe3 30. Rxe3 Qa7 31. a4 Qa6 32. Nce2 Qxa4 33. Rb3 Bd7 34.
Kf2 Qa2 35. Ke3 g5 36. h4 h6 37. hxg5 hxg5 38. g4 Kg7 39. b5 cxb5 40. Ng3 Kf6
41. Nge2 Qa7 42. Rc3 b4 43. Rc1 Bc8 44. c6 Qa3+ 45. Kd2 Ke7 46. c7 Kd7 47. Nb5
Qa2+ 48. Ke3 Qb2 49. Rc5 Qe5+ 50. Kd2 Qe7 51. Rxd5+ Kc6 52. Rd8 Kxb5 53. Nd4+
Kc4 54. Rxc8 Qd7 0-1

[Event "38th Eastman Open 2015"]
[Site "Ghent BEL"]
[Date "2015.07.20"]
[Round "5.2"]
[White "Pap, Misa"]
[Black "Sumets, Andrey"]
[Result "1/2-1/2"]
[WhiteTitle "GM"]
[BlackTitle "GM"]
[WhiteElo "2486"]
[BlackElo "2598"]
[WhiteFideId "921610"]
[BlackFideId "14105500"]
[EventDate "2015.07.18"]

1. e4 c6 2. d4 d5 3. Nd2 dxe4 4. Nxe4 Bf5 5. Ng3 Bg6 6. h4 h6 7. Nf3 e6 8. Ne5
Bh7 9. Bd3 Bxd3 10. Qxd3 Nf6 11. Bf4 Qa5+ 12. c3 Qa6 13. Qf3 Nbd7 14. Nh5 Nxh5
15. Qxh5 Nxe5 16. Bxe5 Qb5 17. Qe2 Qxe2+ 18. Kxe2 h5 1/2-1/2

[Event "38th Eastman Open 2015"]
[Site "Ghent BEL"]
[Date "2015.07.20"]
[Round "5.3"]
[White "Gavrilov, Alexei1"]
[Black "Michiels, Bart"]
[Result "1/2-1/2"]
[WhiteTitle "GM"]
[BlackTitle "GM"]
[WhiteElo "2411"]
[BlackElo "2533"]
[WhiteFideId "4104358"]
[BlackFideId "202967"]
[EventDate "2015.07.18"]

1. d4 d5 2. c4 c6 3. Nf3 Nf6 4. e3 e6 5. Bd3 Nbd7 6. O-O b6 7. Nc3 Bb7 8. Qe2
Bd6 9. e4 dxe4 10. Nxe4 Nxe4 11. Bxe4 O-O 12. b3 Nf6 13. Bc2 c5 14. dxc5 Bxc5
15. Bb2 h6 16. Rad1 Qe7 17. Ne5 Rfd8 18. h3 Rac8 19. Rfe1 Ba8 20. Ng4 Nxg4 21.
Qxg4 Qg5 22. Qxg5 hxg5 23. Bc1 Be7 24. Be3 f5 25. f3 Kf7 26. Kf1 g6 27. a4 Kf6
28. Bd4+ Kf7 29. Be3 Kf6 30. Bd4+ Kf7 1/2-1/2

[Event "38th Eastman Open 2015"]
[Site "Ghent BEL"]
[Date "2015.07.20"]
[Round "5.4"]
[White "McMichael, Richard J"]
[Black "Dgebuadze, Alexandre"]
[Result "0-1"]
[WhiteTitle "CM"]
[BlackTitle "GM"]
[WhiteElo "2207"]
[BlackElo "2490"]
[WhiteFideId "400963"]
[BlackFideId "203882"]
[EventDate "2015.07.18"]

1. b3 e5 2. Bb2 Nc6 3. e3 d6 4. Nf3 Nf6 5. d4 e4 6. Nfd2 Bg4 7. Be2 Bxe2 8. Qxe2
d5 9. O-O Nb4 10. Rc1 c6 11. a3 Na6 12. c4 Nc7 13. Nc3 Bd6 14. a4 O-O 15. a5 Na6
16. Ba3 Bxa3 17. Rxa3 Nb4 18. c5 Ne8 19. Na2 Nd3 20. Rf1 Nc7 21. b4 f5 22. f4 g5
23. fxg5 Qxg5 24. Nc1 Nxc1 25. Rxc1 Nb5 26. Raa1 f4 27. exf4 Rxf4 28. a6 bxa6
29. Kh1 Nxd4 30. Qe3 Raf8 31. Qxd4 Rf2 32. Rg1 Rxd2 33. Qc3 e3 34. Rxa6 Rxg2 35.
Raa1 Rff2 0-1

[Event "38th Eastman Open 2015"]
[Site "Ghent BEL"]
[Date "2015.07.20"]
[Round "5.5"]
[White "Dijckmans, Bjorn"]
[Black "Froeyman, Helmut"]
[Result "1/2-1/2"]
[BlackTitle "FM"]
[WhiteElo "2121"]
[BlackElo "2278"]
[WhiteFideId "202479"]
[BlackFideId "203602"]
[EventDate "2015.07.18"]

1. d4 f5 2. Bg5 h6 3. Bh4 g5 4. e3 Nf6 5. Bg3 d6 6. h4 g4 7. Nc3 Nc6 8. Qd2 Nh5
9. Nge2 e5 10. dxe5 dxe5 11. Qxd8+ Kxd8 12. O-O-O+ Bd6 13. f3 Rg8 14. Bf2 Be6
15. e4 Ke7 16. exf5 Bxf5 17. Nd5+ Kf7 18. Nec3 gxf3 19. gxf3 Ng3 20. Bxg3 Rxg3
21. Bc4 Kg7 22. Rhg1 Rxg1 23. Rxg1+ Kh8 24. Ne3 Rf8 25. Nxf5 Rxf5 26. Ne4 Nd4
27. Nxd6 cxd6 28. Rg6 h5 29. Rxd6 Nxf3 30. Rd7 Rf4 31. Be2 Nd4 32. Bxh5 Rxh4 33.
Bg6 Rh1+ 34. Kd2 Rh2+ 35. Kc3 Rh3+ 36. Bd3 Nc6 37. Kd2 Rh2+ 38. Ke3 Rh3+ 39. Kf2
Nb4 40. Bf5 Rh2+ 41. Kg3 Re2 42. Rxb7 Nxc2 43. Bxc2 Rxc2 44. Kg4 e4 45. Kf4 Re2
46. Rxa7 Rxb2 47. Kxe4 Kg8 48. Ke5 Kf8 49. Ke6 Re2+ 50. Kd6 Rd2+ 51. Ke6 Re2+
52. Kd6 Rd2+ 53. Kc7 Ke8 54. a4 Rc2+ 55. Kd6 Rd2+ 56. Kc6 Rc2+ 57. Kb7 Kd8 58.
Ra6 Rb2+ 59. Ka7 Kc7 60. Rh6 Rb7+ 61. Ka6 Rb1 62. a5 Rb2 63. Rb6 Ra2 64. Rb5 Rc2
65. Ka7 Kc8 66. a6 Rc7+ 67. Rb7 Rc6 68. Rb8+ Kc7 69. Rh8 Rc3 70. Rh7+ Kc8 71.
Kb6 Rb3+ 72. Kc6 Rc3+ 73. Kb5 Kb8 74. Kb6 Rb3+ 75. Ka5 Rb1 76. Rh8+ Ka7 77. Rh7+
Ka8 1/2-1/2

[Event "38th Eastman Open 2015"]
[Site "Ghent BEL"]
[Date "2015.07.20"]
[Round "5.6"]
[White "Verstraeten, Rein"]
[Black "Van den Dikkenberg, Erik"]
[Result "1/2-1/2"]
[WhiteTitle "FM"]
[BlackTitle "FM"]
[WhiteElo "2312"]
[BlackElo "2133"]
[WhiteFideId "223654"]
[BlackFideId "1005880"]
[EventDate "2015.07.18"]

1. e4 c5 2. Nf3 d6 3. d4 cxd4 4. Nxd4 Nf6 5. Nc3 a6 6. h3 Nc6 7. Be3 e5 8. Nde2
Be6 9. Qd2 d5 10. exd5 Nxd5 11. Nxd5 Qxd5 12. Qxd5 Bxd5 13. Nc3 Be6 14. O-O-O
Be7 15. Nd5 Rc8 16. Nxe7 Nxe7 17. a3 Nd5 18. Bd2 O-O 19. Re1 Bf5 20. c3 f6 21.
g4 Bg6 22. Bg2 Rfd8 23. Be4 Bxe4 24. Rxe4 Nb6 25. Kc2 Nc4 26. Bc1 Rd7 27. Rhe1
Rcc7 28. a4 g5 29. b3 Nb6 30. h4 h6 31. Bd2 Nd5 32. a5 Ne7 33. c4 Nc6 34. Bc3
Rc8 35. hxg5 hxg5 36. Rd1 Rcd8 37. Rxd7 Rxd7 38. b4 Kf7 39. f3 1/2-1/2

[Event "38th Eastman Open 2015"]
[Site "Ghent BEL"]
[Date "2015.07.20"]
[Round "5.7"]
[White "Cordts, Ingo"]
[Black "Van Herck, Marcel"]
[Result "1-0"]
[WhiteTitle "FM"]
[WhiteElo "2284"]
[BlackElo "2170"]
[WhiteFideId "4662687"]
[BlackFideId "200344"]
[EventDate "2015.07.18"]

1. Nf3 d5 2. d4 Nf6 3. c4 e6 4. g3 dxc4 5. Bg2 Bd7 6. Ne5 Bc6 7. Nxc6 Nxc6 8.
O-O Qd7 9. e3 Nd5 10. Qe2 O-O-O 11. Qxc4 f5 12. a3 g5 13. Nc3 Be7 14. Na4 Nb6
15. Qc2 Nxa4 16. Qxa4 Kb8 17. Bd2 Bf6 18. Bxc6 Qxc6 19. Qxc6 bxc6 20. Rac1 Kb7
21. Rc4 Rd5 22. Rfc1 c5 23. Rxc5 Rxc5 24. Rxc5 Rd8 25. Bc3 Rd5 26. Rc4 c5 27.
dxc5 Bxc3 28. c6+ Kc7 29. Rxc3 Rd2 30. b4 Rb2 31. h3 a5 32. Rc4 Rb3 33. bxa5 Rb5
34. Kf1 Rxa5 35. a4 Rd5 36. Ke2 h5 37. e4 fxe4 38. Rxe4 e5 39. Rc4 Rd8 40. Rc5
Re8 41. Kd3 g4 42. h4 Rf8 43. Ke3 Rf3+ 44. Ke2 Ra3 45. a5 Ra2+ 46. Ke3 Ra3+ 47.
Ke4 Ra4+ 48. Kf5 1-0

[Event "38th Eastman Open 2015"]
[Site "Ghent BEL"]
[Date "2015.07.20"]
[Round "5.8"]
[White "Sterck, Arno"]
[Black "Sarrau, Jelle"]
[Result "0-1"]
[BlackTitle "FM"]
[WhiteElo "2103"]
[BlackElo "2359"]
[WhiteFideId "228249"]
[BlackFideId "207608"]
[EventDate "2015.07.18"]

1. e4 e6 2. d4 d5 3. Nc3 Bb4 4. e5 Ne7 5. a3 Bxc3+ 6. bxc3 b6 7. Nf3 Qd7 8. a4
Ba6 9. Bxa6 Nxa6 10. Qd3 Nb8 11. O-O Nbc6 12. Ba3 Na5 13. Nd2 Nf5 14. f4 h5 15.
Rfe1 Qc6 16. Qb5 Kd7 17. Bb4 Nc4 18. Nxc4 dxc4 19. Rad1 a5 20. Ba3 Qxb5 21. axb5
Rhd8 22. d5 exd5 23. Rxd5+ Ke6 24. Rxd8 Rxd8 25. Re4 Rd1+ 26. Kf2 Rd2+ 27. Kf3
Nh4+ 28. Ke3 Rxg2 29. Rxc4 Kd7 30. Rd4+ Kc8 31. Ke4 Re2+ 32. Kd5 Nf5 33. Rd3 Kd7
34. Kc4+ Ke6 35. Rd8 Re4+ 36. Kd3 Rxf4 37. Re8+ Kd7 38. Rf8 Nh4 39. Bc1 Rf1 40.
Bg5 Ng6 41. Rd8+ Ke6 42. Re8+ Kf5 43. Bd8 Rd1+ 44. Ke2 Rd7 45. h4 Nxe5 46. Bg5
f6 47. Bc1 Ng6 0-1

[Event "38th Eastman Open 2015"]
[Site "Ghent BEL"]
[Date "2015.07.20"]
[Round "5.9"]
[White "De Groote, Ewoud"]
[Black "Lindam, Ingo"]
[Result "1-0"]
[WhiteElo "2315"]
[BlackElo "2053"]
[WhiteFideId "1017870"]
[BlackFideId "24699756"]
[EventDate "2015.07.18"]

1. e4 c5 2. Nf3 e6 3. d4 cxd4 4. Nxd4 Nc6 5. Nc3 Qc7 6. g3 a6 7. Bg2 Nf6 8. O-O
h5 9. Re1 Bc5 10. Nxc6 bxc6 11. e5 Ng4 12. Ne4 Ba7 13. Bf4 Kf8 14. c4 f5 15.
exf6 e5 16. fxg7+ Kxg7 17. Bg5 d5 18. cxd5 cxd5 19. Qxd5 Bb7 20. Rac1 Bxd5 21.
Rxc7+ Kg6 22. h4 Rhf8 23. Rd1 Bd4 24. b3 Rac8 25. Rxc8 Rxc8 26. Rc1 Rxc1+ 27.
Bxc1 Kf5 28. Nd6+ Ke6 29. Bxd5+ Kxd5 30. Nf5 Bxf2+ 31. Kg2 Bb6 32. Ng7 Nf6 33.
Bg5 Ne4 34. Nxh5 Nxg5 35. hxg5 Ke6 36. g6 e4 37. g7 Kf7 38. g8=Q+ Kxg8 39. Nf6+
Kf7 40. Nxe4 Kg6 41. Kf3 Bd8 42. Nc5 a5 43. g4 Bb6 44. Nd3 Bd4 45. Nf4+ Kf6 46.
Ke4 Bb2 47. a4 Kg5 48. Kf3 Be5 49. Nd3 Bd6 50. Nf2 Bc7 51. Ne4+ Kh4 52. g5 Kh5
53. Ke3 Kg6 54. Kd4 Kf5 55. Kd5 Bd8 56. Nd6+ Kg6 57. Nb7 Bxg5 58. Nxa5 Bd2 59.
Nc6 Kf5 60. a5 1-0

[Event "38th Eastman Open 2015"]
[Site "Ghent BEL"]
[Date "2015.07.20"]
[Round "5.10"]
[White "Van Melkebeke, Willem"]
[Black "Huhndorf, Arnold"]
[Result "1/2-1/2"]
[BlackTitle "FM"]
[WhiteElo "2088"]
[BlackElo "2262"]
[WhiteFideId "210129"]
[BlackFideId "4665031"]
[EventDate "2015.07.18"]

1. e4 c5 2. Nf3 Nc6 3. d4 cxd4 4. Nxd4 g6 5. c4 Nf6 6. Nc3 d6 7. Be2 Nxd4 8.
Qxd4 Bg7 9. Be3 O-O 10. Qd1 a5 11. f3 Nd7 12. Bd4 Nc5 13. O-O Bd7 14. Rb1 Bc6
15. Qd2 Bxd4+ 16. Qxd4 e5 17. Qd2 Ne6 18. Rfd1 Qb6+ 19. Kh1 Rad8 20. b3 Nd4 21.
Bd3 f5 22. Ne2 Nxe2 23. Qxe2 f4 24. g4 fxg3 25. hxg3 Rf6 26. Kg2 Rdf8 27. Rf1
Qc7 28. Qd2 Kg7 29. Qe3 Bd7 30. Be2 1/2-1/2

[Event "38th Eastman Open 2015"]
[Site "Ghent BEL"]
[Date "2015.07.20"]
[Round "5.11"]
[White "Rechner, Klaus"]
[Black "De Wolf, Johan"]
[Result "1/2-1/2"]
[WhiteElo "2255"]
[BlackElo "2088"]
[WhiteFideId "4615700"]
[BlackFideId "1004131"]
[EventDate "2015.07.18"]

1. Nf3 d5 2. d4 e6 3. c4 Nf6 4. g3 Be7 5. Bg2 O-O 6. O-O Nbd7 7. Qc2 c6 8. Bf4
Ne4 9. Nbd2 Nxd2 10. Nxd2 Nf6 11. Rfd1 Nh5 12. Nf3 Bd7 13. Bd2 f5 14. Qb3 Qb6
15. Ne5 Qxb3 16. axb3 Nf6 17. Bf4 a6 18. Nd3 Rae8 19. c5 Bc8 20. Be5 1/2-1/2

[Event "38th Eastman Open 2015"]
[Site "Ghent BEL"]
[Date "2015.07.20"]
[Round "5.12"]
[White "Stam, Hans"]
[Black "Van Mechelen, Jan"]
[Result "1/2-1/2"]
[BlackTitle "FM"]
[WhiteElo "2016"]
[BlackElo "2243"]
[WhiteFideId "1043838"]
[BlackFideId "201863"]
[EventDate "2015.07.18"]

1. e4 e6 2. d4 d5 3. e5 c5 4. c3 Nc6 5. Nf3 Bd7 6. Be2 Nge7 7. Na3 cxd4 8. cxd4
Nf5 9. Nc2 Qb6 10. O-O Rc8 11. Rb1 Na5 12. Bd2 Bb5 13. Bxa5 Qxa5 14. Bxb5+ Qxb5
15. Ne3 Nxe3 16. fxe3 Be7 17. Ne1 O-O 18. Nd3 Qc4 19. a3 Qc2 20. Rc1 Qxd1 1/2-1/2

[Event "38th Eastman Open 2015"]
[Site "Ghent BEL"]
[Date "2015.07.20"]
[Round "5.13"]
[White "Offringa, Joost"]
[Black "Boog, Ben"]
[Result "1-0"]
[WhiteElo "2224"]
[BlackElo "2075"]
[WhiteFideId "1025880"]
[BlackFideId "1008528"]
[EventDate "2015.07.18"]

1. c4 d6 2. g3 c5 3. Bg2 Nc6 4. Nc3 g6 5. e3 Bg7 6. Nge2 Bg4 7. h3 Bd7 8. d4 Rb8
9. b3 a6 10. O-O Qc8 11. Kh2 b5 12. cxb5 axb5 13. Bb2 cxd4 14. Nd5 e6 15. Nxd4
exd5 16. Nxb5 Bxb2 17. Nxd6+ Kf8 18. Nxc8 Bxa1 19. Qxa1 f6 20. Nd6 Ke7 21. e4
Kxd6 22. exd5 Ne5 23. Re1 g5 24. f4 gxf4 25. gxf4 Nd3 26. Re4 Bf5 27. Rc4 Re8
28. Rc6+ Ke7 29. Qd4 Kf7 30. d6 Re2 31. d7 Be4 32. Qxe4 1-0

[Event "38th Eastman Open 2015"]
[Site "Ghent BEL"]
[Date "2015.07.20"]
[Round "5.14"]
[White "Stone, Andrew M"]
[Black "Windels, Jan"]
[Result "1/2-1/2"]
[WhiteElo "2209"]
[BlackElo "2021"]
[WhiteFideId "404985"]
[BlackFideId "208094"]
[EventDate "2015.07.18"]

1. c4 e5 2. g3 Nc6 3. Nc3 g6 4. Bg2 Bg7 5. e4 d6 6. Nge2 f5 7. O-O fxe4 8. Nxe4
Nf6 9. N2c3 Nxe4 10. Nxe4 O-O 11. d3 Nd4 12. Be3 c6 13. Bg5 Qc7 14. Rb1 Be6 15.
a3 Qd7 16. f3 b6 17. Nc3 Bh3 1/2-1/2

[Event "38th Eastman Open 2015"]
[Site "Ghent BEL"]
[Date "2015.07.20"]
[Round "5.15"]
[White "De Groote, Jesper"]
[Black "Bosters, Robin"]
[Result "1-0"]
[WhiteElo "2168"]
[BlackElo "2034"]
[WhiteFideId "1019295"]
[BlackFideId "1013327"]
[EventDate "2015.07.18"]

1. e4 Nf6 2. e5 Nd5 3. Nc3 Nxc3 4. bxc3 d6 5. f4 g6 6. d4 Bg7 7. Nf3 c6 8. Bd3
d5 9. O-O e6 10. g4 c5 11. Be3 c4 12. Be2 Nc6 13. Qe1 Bd7 14. Nh4 Ne7 15. Qg3
Bf8 16. f5 gxf5 17. Kh1 Ng6 18. Nxf5 exf5 19. gxf5 Qh4 20. fxg6 hxg6 21. Qxh4
Rxh4 22. Bg5 Rh7 23. Rfb1 Bc6 24. Bg4 Bh6 25. Bxh6 Rxh6 26. Rf1 Ke7 27. Rf2 Rah8
28. Raf1 R8h7 29. h3 Rxh3+ 30. Bxh3 Rxh3+ 31. Kg2 Rh7 32. Rh1 Rxh1 33. Kxh1 Bd7
34. Kg2 Kf8 35. Kg3 Kg7 36. Rf1 b6 37. Kh4 Be6 38. Kg5 Bd7 39. Rf6 Be6 40. a3 b5
41. a4 bxa4 42. Rf1 Bf5 43. Rb1 Bxc2 44. Rb7 Bf5 45. Rxa7 Be6 46. Rxa4 Bd7 47.
Ra6 1-0

[Event "38th Eastman Open 2015"]
[Site "Ghent BEL"]
[Date "2015.07.20"]
[Round "5.16"]
[White "Ruston, Mark R"]
[Black "Goormachtigh, Johan"]
[Result "1/2-1/2"]
[BlackTitle "FM"]
[WhiteElo "2024"]
[BlackElo "2191"]
[WhiteFideId "410020"]
[BlackFideId "200280"]
[EventDate "2015.07.18"]

1. e4 c5 2. Nc3 Nc6 3. g3 g6 4. Bg2 Bg7 5. d3 d6 6. Be3 e6 7. Qd2 Nge7 8. h4 h5
9. Nh3 Qa5 10. O-O Nd4 11. f4 Bd7 12. Qf2 O-O 13. Nd1 Qc7 14. c3 Ndc6 15. Qe2 f5
16. Ng5 Bf6 17. Nf3 b6 18. Nf2 Rac8 19. Bd2 Rce8 20. Rae1 Nd8 21. e5 Bg7 22. Ng5
dxe5 23. fxe5 Nf7 24. Nxf7 Rxf7 25. Nh3 Nc6 26. Bf4 Bc8 27. Bf3 Ba6 28. Qe3 Rd7
29. Nf2 Ne7 30. Bh6 Bb7 31. Bxg7 Kxg7 32. Nh3 Nd5 33. Qg5 Qd8 34. Qc1 Qe7 35.
Ng5 Ba8 36. Bg2 Red8 37. Rd1 Nc7 38. Bxa8 Rxa8 39. Qc2 Rad8 40. Qe2 Nd5 41. a3
Rf8 42. Rf2 Nc7 43. Rdf1 Qd8 44. Rf3 Qe7 45. Kg2 1/2-1/2

[Event "38th Eastman Open 2015"]
[Site "Ghent BEL"]
[Date "2015.07.20"]
[Round "6.1"]
[White "Docx, Stefan"]
[Black "Pap, Misa"]
[Result "0-1"]
[WhiteTitle "IM"]
[BlackTitle "GM"]
[WhiteElo "2417"]
[BlackElo "2486"]
[WhiteFideId "200778"]
[BlackFideId "921610"]
[EventDate "2015.07.18"]

1. d4 f5 2. g3 Nf6 3. Bg2 g6 4. Nh3 Bg7 5. Nf4 Nc6 6. d5 Ne5 7. h4 c6 8. h5 cxd5
9. h6 Bf8 10. Nxd5 e6 11. Bf4 d6 12. Nxf6+ Qxf6 13. Nc3 Bd7 14. Qc1 Be7 15. e4
Bc6 16. O-O Ng4 17. exf5 gxf5 18. f3 Ne5 19. Be3 Rg8 20. Qe1 Nc4 21. Bf2 Qxh6
22. f4 d5 23. Ne2 Nd6 24. Nd4 Ne4 25. Bxe4 dxe4 26. Nxc6 bxc6 27. Qe3 Qh3 0-1

[Event "38th Eastman Open 2015"]
[Site "Ghent BEL"]
[Date "2015.07.20"]
[Round "6.2"]
[White "Sumets, Andrey"]
[Black "Gavrilov, Alexei1"]
[Result "1/2-1/2"]
[WhiteTitle "GM"]
[BlackTitle "GM"]
[WhiteElo "2598"]
[BlackElo "2411"]
[WhiteFideId "14105500"]
[BlackFideId "4104358"]
[EventDate "2015.07.18"]

1. d4 Nf6 2. c4 e6 3. g3 d5 4. Nf3 Be7 5. Bg2 O-O 6. O-O dxc4 7. Qc2 a6 8. Qxc4
b5 9. Qc2 Bb7 10. Bd2 Be4 11. Qc1 c6 12. Be3 Nbd7 13. Nc3 Bg6 14. Rd1 Rc8 15.
Bg5 Nd5 16. Bxe7 Qxe7 17. Qd2 N5b6 18. Nh4 Bh5 19. a4 b4 20. Ne4 a5 21. Bf3 1/2-1/2